00540nam a2200193Ia 450000500170000000800410001708200190005824500220007726000330009930000170013265000100014965000120015970000230017170000180019470000180021294200060023095200950023699900150033120241217020511.0240331s9999 xx 000 0 und d bKHA25569a305 0aWomen and poverty aDhakabWomen for Womenc1997 avii, 102 p., aWomen aPoverty aSalahuddin, Keedt aJahan, Reedt aIslam, Meedt cL 001040708LaWERCLbWERCLcSSCd2024-03-31l0o 305 WOMp5569r2024-03-31w2024-03-31yL c1321d1321